Les travailleurs pauvres en France, un phénomène peu visible (notice n° 1645862)
[ vue normale ]
| 000 -LEADER | |
|---|---|
| fixed length control field | 01079cam a2200217 4500500 |
| 005 - DATE AND TIME OF LATEST TRANSACTION | |
| control field | 20260208002221.0 |
| 041 ## - LANGUAGE CODE | |
| Language code of text/sound track or separate title | fre |
| 042 ## - AUTHENTICATION CODE | |
| Authentication code | dc |
| 100 10 - MAIN ENTRY--PERSONAL NAME | |
| Personal name | Granereau, Sarah |
| Relator term | author |
| 245 00 - TITLE STATEMENT | |
| Title | Les travailleurs pauvres en France, un phénomène peu visible |
| 260 ## - PUBLICATION, DISTRIBUTION, ETC. | |
| Date of publication, distribution, etc. | 2017.<br/> |
| 500 ## - GENERAL NOTE | |
| General note | 32 |
| 520 ## - SUMMARY, ETC. | |
| Summary, etc. | On constate en France et en Europe une augmentation du salariat précaire. Les travailleurs sociaux rencontrent ces personnes mais ne savent pas précisément ce que cette acception recouvre. Les situations sont diverses et les problématiques associées complexifient la prise en charge. Mieux connaître ce phénomène protéiforme semble nécessaire pour les travailleurs sociaux qui ont à accompagner les personnes. |
| 690 ## - LOCAL SUBJECT ADDED ENTRY--TOPICAL TERM (OCLC, RLIN) | |
| Topical term or geographic name as entry element | complexité des situations |
| 690 ## - LOCAL SUBJECT ADDED ENTRY--TOPICAL TERM (OCLC, RLIN) | |
| Topical term or geographic name as entry element | invisibilité |
| 690 ## - LOCAL SUBJECT ADDED ENTRY--TOPICAL TERM (OCLC, RLIN) | |
| Topical term or geographic name as entry element | nouvelles pratiques |
| 690 ## - LOCAL SUBJECT ADDED ENTRY--TOPICAL TERM (OCLC, RLIN) | |
| Topical term or geographic name as entry element | travail précaire |
| 690 ## - LOCAL SUBJECT ADDED ENTRY--TOPICAL TERM (OCLC, RLIN) | |
| Topical term or geographic name as entry element | travailleurs sociaux |
| 786 0# - DATA SOURCE ENTRY | |
| Note | Empan | 105 | 1 | 2017-03-16 | p. 126-130 | 1152-3336 |
| 856 41 - ELECTRONIC LOCATION AND ACCESS | |
| Uniform Resource Identifier | <a href="https://shs.cairn.info/revue-empan-2017-1-page-126?lang=fr&redirect-ssocas=7080">https://shs.cairn.info/revue-empan-2017-1-page-126?lang=fr&redirect-ssocas=7080</a> |
Pas d'exemplaire disponible.




Réseaux sociaux